000 00637nam a2200169 a 4500
008 120416s1990 ||||||||||||||||| || u
020 _a0408008717
050 _aTH 891 Coo
100 _aCook, Nicholas John
245 1 0 _aThe designer's guide to wind loading of building structures, part 2 : static structures
260 _aLondon
_bBRE/Butterworths
_c1990
300 _axiv, 586p. : ill.
350 _a0.00
650 _aBUILDINGS--AERODYNAMICS
650 _aSTRUCTURAL DYNAMICS
995 _D0.00
_FCBU-MAIN LIBRARY (Kitwe)
_H1
_I0.00
_UAVAILABLE
_ZAnnex Low-Usage Collection
999 _c39769
_d39769